Alle Provinciale Hoofsteden Van Nederland - Statistics

General Stats
  • This quiz has been taken 152 times
  • The average score is 10 of 12
Answer Stats
Provincie Antwoord % Correct
Zuid-Holland Den Haag
95%
Groningen Groningen
94%
Utrecht Utrecht
92%
Noord-Holland Haarlem
88%
Flevoland Lelystad
88%
Limburg Maastricht
87%
Overijssel Zwolle
82%
Zeeland Middelburg
80%
Drenthe Assen
78%
Friesland Leeuwarden
76%
Gelderland Arnhem
75%
Noord-Brabant S-Hertogenbosch
67%
No matching quizzes found
Score Distribution
Percent of People with Each Score
Percentile by Number Answered
Your Score History
You have not taken this quiz